Integrated System of the Marketing Managerial Accounting
Manažment marketingu a marketingový kontroling (controlling). Cyklus, bázické funkcie a všeobecné úlohy marketingového kontrolingu. Integrované reportovanie v podniku, marketingový informačný systém a jeho kmeňové dáta.
Na minha lista:
| Autor principal: | |
|---|---|
| Outros Autores: | |
| Formato: | Capítulo de Livro |
| Idioma: | eslovaco |
| Assuntos: | |
| Tags: |
Sem tags, seja o primeiro a adicionar uma tag!
|
MARC
| LEADER | 00000nla a2200000 4500 | ||
|---|---|---|---|
| 001 | 0238806 | ||
| 005 | 20240522134127.6 | ||
| 041 | 0 | |a slo | |
| 044 | |a CZ | ||
| 245 | 1 | 0 | |a Integrated System of the Marketing Managerial Accounting |c Gabriela Dubcová, Jana Kissová |
| 520 | |a Manažment marketingu a marketingový kontroling (controlling). Cyklus, bázické funkcie a všeobecné úlohy marketingového kontrolingu. Integrované reportovanie v podniku, marketingový informačný systém a jeho kmeňové dáta. | ||
| 610 | 2 | 0 | |a podnik |
| 610 | 2 | 0 | |a marketing |
| 610 | 2 | 0 | |a marketing manažment |
| 610 | 2 | 0 | |a kontroling |
| 610 | 2 | 0 | |a kontroling podnikový |
| 610 | 2 | 0 | |a systémy informačné |
| 610 | 2 | 0 | |a systémy informačné manažérske |
| 610 | 2 | 0 | |a účtovníctvo manažérske |
| 610 | 2 | 0 | |a účtovníctvo |
| 610 | 2 | 0 | |a dáta |
| 610 | 2 | 0 | |a reporting |
| 100 | 1 | |a Dubcová, Gabriela, 1968- | |
| 700 | 1 | |a Kissová, Jana, 1979- | |